| 000 | 00689nam a22001937a 4500 | ||
|---|---|---|---|
| 003 | OSt | ||
| 005 | 20260615095312.0 | ||
| 008 | 260615b |||||||| |||| 00| 0 eng d | ||
| 020 | _a1575420899 | ||
| 040 | _cChuka University Library | ||
| 050 |
_aLC 3993.9 _b.W5 2001 |
||
| 100 |
_aWinebrenner, Susan _927084 |
||
| 245 | _aTeaching Gifted Kids in the Regular Classroom :Strategies and Techniques Every Teacher can Use to Meet the Academic Needs of the Gifted And Talented | ||
| 260 |
_aMinneapolis _bFree Spirit _c2001 |
||
| 300 |
_axi, 243pp _bIllustrated |
||
| 650 |
_aGifted children -Education -United States _929093 |
||
| 700 |
_aEspeland, Pamela (Ed.) _929094 |
||
| 942 |
_2lcc _cBK _n0 |
||
| 999 |
_c24234 _d24234 |
||